[Event "europa chess chempion players"]
[Site "SchemingMind.com"]
[Date "2010.12.23"]
[Round "-"]
[White "Thomas Laue"]
[Black "DI DARIO"]
[Result "1/2-1/2"]
[WhiteCountry "GER"]
[BlackCountry "INT"]
[WhiteElo "1753"]
[WhiteRD "144"]
[BlackElo "1798"]
[BlackRD "74"]
[GameID "270573"]

1. e4 d6 2. d4 Nf6 3. Nc3 e6 4. f4 a6 5. Nf3 d5 6. Bd3 Bb4 7. e5 Bxc3+ 8. bxc3 Ne4 9. Bxe4 dxe4 10. Ng5 O-O
11. Nxe4 Qd5 12. Qf3 Nc6 13. Be3 Ne7 14. O-O Kh8 15. Ng5 h6 16. Qh3 f6 17. Nf3 Qe4 18. Ne1 Nd5 19. Bd2 Bd7 20. Nd3 b6
21. Rae1 Qg6 22. Rf3 f5 23. Rg3 Qh7 24. Nb4 Ne7 25. c4 a5 26. Nd3 Nc6 27. c3 a4 28. a3 Na5 29. Nb2 b5 30. c5 c6
31. c4 Nxc4 32. Nxc4 bxc4 33. Rc3 Rfb8 34. Rxc4 Rb3 35. Re3 Rab8 36. Bb4 Rb1+ 37. Kf2 Bc8 38. Re1 Rxe1 39. Kxe1 Ba6 40. Rc3 g5
41. fxg5 hxg5 42. Qxh7+ Kxh7 43. Rh3+ Kg6 44. Kf2 Bc4 45. Rc3 Bd5 46. Rc2 f4 47. Rb2 Be4 48. Bc3 Rh8 49. h3 Rd8 50. Rb4 Bc2
51. Rb6 Be4 52. Ra6 Rb8 53. Bb4 Rd8 54. Bc3 Rb8 55. Rb6 Rd8 56. Ra6 Rb8=
1/2-1/2

[Event "europa chess chempion players"]
[Site "SchemingMind.com"]
[Date "2010.12.20"]
[Round "-"]
[White "DI DARIO"]
[Black "Thomas Laue"]
[Result "0-1"]
[WhiteCountry "INT"]
[BlackCountry "GER"]
[WhiteElo "1798"]
[WhiteRD "74"]
[BlackElo "1753"]
[BlackRD "144"]
[GameID "270574"]

1. c4 c6 2. e3 d5 3. Qh5 Nf6 4. Qg5 Ne4 5. Qf4 g5 6. Qf3 h5 7. Qd1 Bg7 8. f3 Nf6 9. h3 Qc7 10. Qe2 Bf5
11. Qf2 Nbd7 12. Nc3 e5 13. cxd5 cxd5 14. Bb5 a6 15. Bxd7+ Qxd7 16. Nge2 O-O 17. g4 hxg4 18. hxg4 Bg6 19. Ng3 d4 20. Nce4 d3
21. Nxg5 Rac8 22. Qh2 Rc2 23. N5e4 Rfc8 24. Kf2 R8c7 25. g5 Nxe4+ 26. Nxe4 Bxe4 27. fxe4 Qg4 28. b3 Qxe4 29. Ke1 Rxc1+ 30. Kf2 Rxa1
31. Rxa1 Rc2 32. Ke1 Qg4 33. g6 Qxg6 34. b4 Qg4 35. a4 Qxb4 36. Rd1 Qxa4 37. Qg2 Qh4+ 38. Kf1 e4 39. Kg1 b5 40. Rf1 b4
41. Ra1 b3 42. Rb1 b2 43. Rf1 Rc1 44. Qf3 exf3 45. Rxc1 bxc1=Q#
0-1

[Event "europa chess chempion players"]
[Site "SchemingMind.com"]
[Date "2010.12.23"]
[Round "-"]
[White "Mitchell-in"]
[Black "Thomas Laue"]
[Result "1-0"]
[WhiteCountry "ENG"]
[BlackCountry "GER"]
[WhiteElo "1876"]
[WhiteRD "74"]
[BlackElo "1667"]
[BlackRD "127"]
[GameID "270791"]

1. e4 e6 2. Nf3 d5 3. e5 c5 4. b4 cxb4 5. d4 Nc6 6. a3 bxa3 7. Bxa3 Bxa3 8. Nxa3 a6 9. Nb5 Nge7 10. Nd6+ Kf8
11. Ng5 Qb6 12. Ngxf7 Rg8 13. c3 Nf5 14. Ng5 h6 15. Nxc8 Rxc8 16. Nxe6+ Ke7 17. Nf4 Qb2 18. Nxd5+ Ke8 19. Rb1 Qa2 20. Nb6 Rd8
21. Bc4 Qa5 22. O-O Rf8 23. Be6 Qxc3 24. Qh5+ Ke7 25. Bxf5 Qxd4 26. Nc8+ Rxc8 27. Bxc8 Rxc8 28. Rbd1 Qf4 29. e6 Ne5 30. Rfe1 Ng4
31. Rd7+ Kf6 32. Rf7#
1-0

[Event "europa chess chempion players"]
[Site "SchemingMind.com"]
[Date "2010.12.23"]
[Round "-"]
[White "Mitchell-in"]
[Black "DI DARIO"]
[Result "1-0"]
[WhiteCountry "ENG"]
[BlackCountry "INT"]
[WhiteElo "1862"]
[WhiteRD "73"]
[BlackElo "1642"]
[BlackRD "48"]
[GameID "270792"]

1. e4 d6 2. c4 c5 3. Nf3 Nc6 4. d4 Bg4 5. d5 Nd4 6. Be2 Bxf3 7. Bxf3 a6 8. O-O g6 9. Nc3 Nxf3+ 10. Qxf3 Bg7
11. Qg3 Qd7 12. f4 f6 13. Be3 f5 14. exf5 Qxf5 15. Rae1 Bxc3 16. bxc3 O-O-O 17. Rb1 Nf6 18. Qh3 Ng4 19. Bf2 h5 20. Bh4 Rde8
21. Rb2 Qe4 22. Rfb1 b5 23. cxb5 Qxd5 24. bxa6 Kd7 25. Rb7+ Ke6 26. Re1+ Kf7 27. Rbxe7+ Rxe7 28. Rxe7+ Kg8 29. Re8+ Kh7 30. Re7+ Kg8
31. a7 Kf8 32. Qf3
1-0

[Event "europa chess chempion players"]
[Site "SchemingMind.com"]
[Date "2010.12.23"]
[Round "-"]
[White "Thomas Laue"]
[Black "Mitchell-in"]
[Result "0-1"]
[WhiteCountry "GER"]
[BlackCountry "ENG"]
[WhiteElo "1611"]
[WhiteRD "107"]
[BlackElo "1868"]
[BlackRD "69"]
[GameID "270793"]

1. d4 Nf6 2. c4 c5 3. d5 e6 4. Nc3 exd5 5. cxd5 d6 6. e4 g6 7. f4 Bg7 8. Bb5+ Nfd7 9. a4 O-O 10. Nf3 a6
11. Bd3 Re8 12. O-O b6 13. Qc2 Qc7 14. b3 Bb7 15. Bb2 Nf8 16. f5 Nbd7 17. Ne2 Ne5 18. Nxe5 Bxe5 19. Bxe5 Rxe5
0-1

[Event "europa chess chempion players"]
[Site "SchemingMind.com"]
[Date "2010.12.23"]
[Round "-"]
[White "DI DARIO"]
[Black "Mitchell-in"]
[Result "0-1"]
[WhiteCountry "INT"]
[BlackCountry "ENG"]
[WhiteElo "1642"]
[WhiteRD "48"]
[BlackElo "1862"]
[BlackRD "73"]
[GameID "270794"]

1. c4 e5 2. e4 Nc6 3. Ne2 d6 4. g3 f5 5. Bg2 Nf6 6. Nbc3 Be7 7. d4 O-O 8. d5 Nb8 9. b4 a5 10. b5 b6
11. h4 Nbd7 12. exf5 Nc5 13. Be3 Bxf5 14. Nc1 Ng4 15. Qd2 Nxe3 16. Qxe3 Bf6 17. Be4 Bxe4 18. Nxe4 Nxe4 19. O-O Nc5 20. Ne2 e4
21. Rad1 Be5 22. Nd4 Bxd4 23. Rxd4 Rf3 24. Qe2 Qf6 25. Rxe4 Nxe4 26. Qxe4 Rf8 27. Qe2 h6 28. Kg2 Qe5 29. Qc2 Qf5 30. Qe2 Qd3
31. Qe6+ Kh8 32. h5 Qxc4 33. g4 R3f4 34. f3 Qc2+ 35. Kg3 Qd3
0-1

[Event "europa chess chempion players"]
[Site "SchemingMind.com"]
[Date "2010.12.29"]
[Round "-"]
[White "emvarela"]
[Black "Mitchell-in"]
[Result "1-0"]
[WhiteCountry "ARG"]
[BlackCountry "ENG"]
[WhiteElo "1785"]
[WhiteRD "50"]
[BlackElo "1868"]
[BlackRD "68"]
[GameID "270922"]

1. e4 c5 2. Nf3 Nc6 3. d4 cxd4 4. Nxd4 d5 5. Nxc6 bxc6 6. exd5 Qxd5 7. Qxd5 cxd5 8. Bb5+ Bd7 9. Bxd7+ Kxd7 10. Nc3 e6
11. Be3 Bb4 12. Bd4 f6 13. f4 Ne7 14. a3 Bxc3+ 15. Bxc3 Nc6 16. b4 a6 17. Rd1 Rhe8 18. O-O Ne7 19. Bd4 Rec8 20. Bc5 Nf5
21. Rd3 a5 22. c4 axb4 23. axb4 Kc6 24. cxd5+ exd5 25. Rc1 Kb5 26. Rxd5 Nh6 27. Bf8+ Kb6 28. Rxc8 Rxc8 29. Bxg7 Nf7 30. Bxf6 Rc4
31. g3 Rxb4 32. Rd7 Nh6 33. Rxh7 Ng4 34. Bd8+ Kc6 35. Rc7+ Kd5 36. h3 Rb1+ 37. Kg2 Rb2+ 38. Kf1 Nh2+ 39. Kg1 Nf3+ 40. Kf1 Nh2+
41. Ke1 Nf3+ 42. Kd1 Rd2+ 43. Kc1 Rg2 44. Rg7 Rh2 45. h4 Rh1+ 46. Kc2 Rh2+ 47. Kd3 Ne1+ 48. Ke3 Nc2+ 49. Kf3 Ne1+ 50. Kg4 Rg2
51. h5 Nd3 52. h6 Nf2+ 53. Kf5
1-0

[Event "europa chess chempion players"]
[Site "SchemingMind.com"]
[Date "2010.12.29"]
[Round "-"]
[White "emvarela"]
[Black "Thomas Laue"]
[Result "1-0"]
[WhiteCountry "ARG"]
[BlackCountry "GER"]
[WhiteElo "1785"]
[WhiteRD "53"]
[BlackElo "1619"]
[BlackRD "119"]
[GameID "270923"]

1. e4 e6 2. d4 d5 3. Nc3 Nf6 4. Bg5 dxe4 5. Nxe4 Be7 6. Nxf6+ Bxf6 7. Bxf6 Qxf6 8. Nf3 O-O 9. Bd3 Nc6 10. c3 Bd7
11. Qc2 h6 12. O-O-O a6 13. Ne5
1-0

[Event "europa chess chempion players"]
[Site "SchemingMind.com"]
[Date "2010.12.29"]
[Round "-"]
[White "emvarela"]
[Black "DI DARIO"]
[Result "1/2-1/2"]
[WhiteCountry "ARG"]
[BlackCountry "INT"]
[WhiteElo "1800"]
[WhiteRD "49"]
[BlackElo "1649"]
[BlackRD "48"]
[GameID "270924"]

1. e4 Nc6 2. d4 e6 3. Nc3 Bb4 4. a3 Bxc3+ 5. bxc3 d6 6. Qg4 Qf6 7. Nf3 e5 8. Qg5 h6 9. Qxf6 Nxf6 10. Bd3 Bg4
11. Be3 Bxf3 12. gxf3 a6 13. d5 Ne7 14. Rg1 Ng6 15. Rb1 b6 16. Ke2 O-O 17. a4 Nf4+ 18. Bxf4 exf4 19. c4 Nd7 20. a5 Rfb8
21. axb6 Rxb6 22. Rxb6 cxb6 23. Rb1 a5 24. c3 a4 25. Bc2 a3 26. Bb3 Nc5 27. Ba2 Na4 28. Rb3 Nb2 29. Rxb6 Na4 30. Rb3 Nb2
31. Rb4 Kf8 32. Kd2 Ra6 33. Kc2 Ke7 34. Rb7+ Kf6 35. e5+ Kxe5 36. Re7+ Kf6 37. Re4 g5 38. h4 Kf5 39. hxg5 Kxg5 40. Re7 Kg6
41. Re4 Kg5 42. Re7=
1/2-1/2

[Event "europa chess chempion players"]
[Site "SchemingMind.com"]
[Date "2010.12.29"]
[Round "-"]
[White "Thomas Laue"]
[Black "emvarela"]
[Result "0-1"]
[WhiteCountry "GER"]
[BlackCountry "ARG"]
[WhiteElo "1619"]
[WhiteRD "119"]
[BlackElo "1785"]
[BlackRD "53"]
[GameID "270926"]

1. c4 Nf6 2. g3 g6 3. Bg2 Bg7 4. Nf3 c6 5. O-O O-O 6. d4 d5 7. Nc3 dxc4 8. a4 Nd5 9. e4 Nxc3 10. bxc3 Bg4
11. Ba3 Bxf3 12. Qxf3 Re8 13. Qe2 e5 14. d5 cxd5
0-1

[Event "europa chess chempion players"]
[Site "SchemingMind.com"]
[Date "2010.12.29"]
[Round "-"]
[White "DI DARIO"]
[Black "emvarela"]
[Result "0-1"]
[WhiteCountry "INT"]
[BlackCountry "ARG"]
[WhiteElo "1649"]
[WhiteRD "48"]
[BlackElo "1800"]
[BlackRD "49"]
[GameID "270927"]

1. c4 Nf6 2. Nf3 g6 3. Nc3 Bg7 4. b4 d6 5. d4 O-O 6. e4 Bg4 7. Be2 Bxf3 8. Bxf3 Nbd7 9. O-O e5 10. dxe5 Nxe5
11. Bg5 c6 12. Qe2 Qb6 13. a3 Nxf3+ 14. Qxf3 Qd4 15. Rad1 Qe5 16. c5 Qxg5 17. cxd6 Nd7 18. Ne2 Ne5 19. Qh3 Qg4 20. Qxg4 Nxg4
21. h3 Ne5 22. f4 Nc4 23. Rf3 Rad8 24. e5 Rfe8 25. h4 Nxd6 26. exd6 Rxe2 27. f5 Be5 28. d7 gxf5 29. Rxf5 f6 30. g4 Re3
31. g5 Kf7 32. gxf6 Bxf6 33. Rh5 Kg6 34. Rc5 Re7 35. h5+ Kf7 36. b5 Rexd7 37. Rf1 cxb5 38. Rxb5 Kg7 39. Kh1 b6 40. Rbf5 Rd6
41. h6+ Kg6 42. R5f3 Bg5 43. Rg3 Rd4 44. Kh2 Rh4+ 45. Kg1 Kxh6 46. Re1 Rg8 47. Re6+ Rg6 48. Re5 Bf4 49. Rxg6+ hxg6 50. Re7 a5
51. Kg2 Rh2+ 52. Kf3 Bd6 53. Re6 Bc5 54. Kg3 Ra2
0-1

[Event "europa chess chempion players"]
[Site "SchemingMind.com"]
[Date "2010.12.25"]
[Round "-"]
[White "NAZRIZ1977"]
[Black "Mitchell-in"]
[Result "0-1"]
[WhiteCountry "WLS"]
[BlackCountry "ENG"]
[WhiteElo "1605"]
[WhiteRD "62"]
[BlackElo "1868"]
[BlackRD "69"]
[GameID "271002"]

1. c4 Nf6 2. g3 g6 3. Bg2 Bg7 4. Nf3 O-O 5. O-O d6 6. Nc3 e5 7. d3 c6 8. Bg5 h6 9. Bxf6 Qxf6 10. Rb1 a5
11. a3 Be6 12. Nd2 Qe7 13. Qc2 Nd7 14. b4 axb4 15. axb4 f5 16. b5 Rac8 17. Nb3 f4 18. Na5 Nf6 19. bxc6 bxc6 20. Nxc6 Qd7
0-1

[Event "europa chess chempion players"]
[Site "SchemingMind.com"]
[Date "2010.12.30"]
[Round "-"]
[White "NAZRIZ1977"]
[Black "emvarela"]
[Result "0-1"]
[WhiteCountry "WLS"]
[BlackCountry "ARG"]
[WhiteElo "1605"]
[WhiteRD "62"]
[BlackElo "1800"]
[BlackRD "49"]
[GameID "271003"]

1. c4 Nf6 2. g3 g6 3. Bg2 Bg7 4. Nf3 d6 5. O-O O-O 6. Nc3 c5 7. d4 cxd4 8. Nxd4 Qc7 9. Ndb5 Qxc4 10. b3 Qb4
11. a3 Qa5 12. b4 Qd8 13. Bb2 a6 14. Nd4 Qb6 15. Rc1 Nc6 16. Na4 Qa7 17. Nxc6 bxc6 18. Bd4 Qb8 19. Nb6 Bd7 20. Nxa8 Qxa8
0-1

[Event "europa chess chempion players"]
[Site "SchemingMind.com"]
[Date "2010.12.25"]
[Round "-"]
[White "NAZRIZ1977"]
[Black "Thomas Laue"]
[Result "1-0"]
[WhiteCountry "WLS"]
[BlackCountry "GER"]
[WhiteElo "1776"]
[WhiteRD "73"]
[BlackElo "1667"]
[BlackRD "127"]
[GameID "271004"]

1. c4 c6 2. g3 d5 3. Bg2 e6 4. Nf3 Nf6 5. O-O Bd6 6. d4 O-O 7. Nc3 Nbd7 8. Nd2 Re8 9. e4 dxe4 10. Ndxe4 Bc7
11. Bg5 h6 12. Nxf6+ Nxf6 13. Bxf6 Qxf6 14. d5 Bd7 15. Ne4 Qg6 16. Nc5 Re7 17. d6
1-0

[Event "europa chess chempion players"]
[Site "SchemingMind.com"]
[Date "2010.12.25"]
[Round "-"]
[White "NAZRIZ1977"]
[Black "DI DARIO"]
[Result "1/2-1/2"]
[WhiteCountry "WLS"]
[BlackCountry "INT"]
[WhiteElo "1791"]
[WhiteRD "73"]
[BlackElo "1642"]
[BlackRD "48"]
[GameID "271005"]

1. c4 c5 2. g3 Nc6 3. Bg2 g6 4. Nc3 Bg7 5. Nf3 Nf6 6. O-O b6 7. d4 cxd4 8. Nxd4 Bb7 9. e4 O-O 10. h3 d6
11. Be3 e5 12. Ndb5 Ne8 13. Nd5 Ba6 14. a4 Ne7 15. b4 Bxb5 16. axb5 Nf6 17. Nxf6+ Bxf6 18. Qd3 Bg7 19. Rfd1 Nc8 20. Qd5 Rb8
21. Rxa7 Nxa7 22. Qxd6 Qxd6 23. Rxd6 Nc8 24. Rd7 Ra8 25. c5 Rb8 26. c6 Bf6 27. f4 Re8 28. Kf1 Re7 29. c7 Rb7 30. Rd8+ Kg7
31. Rxc8 Rexc7 32. Rxc7 Rxc7 33. Bxb6 Rb7 34. Bc5 Rxb5 35. Kf2 exf4 36. gxf4 Bd8 37. Bf1 Rb7 38. Kf3 f6 39. Bc4 Rc7 40. Bd5 Be7
41. Bxe7 Rxe7 42. b5 Rc7 43. Bc6 Kf8 44. e5 Ke7 45. Ke4 fxe5 46. Kxe5 Kd8 47. Kf6 Kc8 48. h4 Kd8 49. Kg5=
1/2-1/2

[Event "europa chess chempion players"]
[Site "SchemingMind.com"]
[Date "2010.12.30"]
[Round "-"]
[White "emvarela"]
[Black "NAZRIZ1977"]
[Result "1-0"]
[WhiteCountry "ARG"]
[BlackCountry "WLS"]
[WhiteElo "1800"]
[WhiteRD "49"]
[BlackElo "1605"]
[BlackRD "62"]
[GameID "271007"]

1. e4 c6 2. d4 d5 3. Nc3 dxe4 4. Nxe4 Bf5 5. Ng3 Bg6 6. h4 h6 7. h5 Bh7 8. Nf3 Nd7 9. Bd3 Bxd3 10. Qxd3 e6
11. Bf4 Qa5+ 12. Bd2 Bb4 13. Ne4 Ngf6 14. c3 Be7 15. c4 Qc7 16. b4 O-O 17. Nxf6+ Nxf6 18. c5
1-0

[Event "europa chess chempion players"]
[Site "SchemingMind.com"]
[Date "2010.12.25"]
[Round "-"]
[White "Thomas Laue"]
[Black "NAZRIZ1977"]
[Result "1-0"]
[WhiteCountry "GER"]
[BlackCountry "WLS"]
[WhiteElo "1611"]
[WhiteRD "107"]
[BlackElo "1605"]
[BlackRD "62"]
[GameID "271008"]

1. e4 c6 2. d4 d5 3. Nc3 dxe4 4. Nxe4 Bf5 5. Ng3 Bg6 6. h4 h6 7. Nf3 Nd7 8. h5 Bh7 9. Bd3 Bxd3 10. Qxd3 e6
11. Bd2 Ngf6 12. O-O-O Be7 13. Ne4 O-O 14. Kb1 c5 15. Rdg1 Ng4 16. Be3 Qc7 17. d5 exd5 18. Ng3 Bf6 19. Qf5 Nxe3 20. fxe3 Qxg3
21. Qxd7 Rfd8 22. Qf5 c4 23. e4 dxe4 24. Qxe4 c3 25. bxc3 Bxc3 26. Qh4 Qd6 27. Qc4
1-0

[Event "europa chess chempion players"]
[Site "SchemingMind.com"]
[Date "2010.12.25"]
[Round "-"]
[White "DI DARIO"]
[Black "NAZRIZ1977"]
[Result "0-1"]
[WhiteCountry "INT"]
[BlackCountry "WLS"]
[WhiteElo "1653"]
[WhiteRD "58"]
[BlackElo "1788"]
[BlackRD "79"]
[GameID "271009"]

1. c4 Nf6 2. Nf3 g6 3. b3 Bg7 4. Bb2 O-O 5. g3 d6 6. Nc3 e5 7. Rb1 Nc6 8. e4 Bg4 9. h3 Bxf3 10. Qxf3 Nd4
11. Qd1 c6 12. Ne2 Nf3#
0-1

[Event "europa chess chempion players"]
[Site "SchemingMind.com"]
[Date "2010.12.25"]
[Round "-"]
[White "agarr"]
[Black "Mitchell-in"]
[Result "1-0"]
[WhiteCountry "RUS"]
[BlackCountry "ENG"]
[WhiteElo "1823"]
[WhiteRD "81"]
[BlackElo "1868"]
[BlackRD "69"]
[GameID "271010"]

1. e4 e5 2. Nf3 Nc6 3. Bc4 Nf6 4. O-O Bc5 5. c3 d6 6. d4 Bb6 7. Bg5 Bg4 8. d5 Ne7 9. h3 Bxf3 10. Qxf3 Nd7
11. b4 O-O 12. Bb3 a5 13. a3 f6 14. Be3 f5 15. Bxb6 Nxb6 16. Nd2 fxe4 17. Qxe4 Rf4 18. Qd3 Qd7 19. c4 a4 20. Bc2 g6
21. g3 Rf7 22. Kh2 Nf5 23. Nf3 h6 24. c5 Nc8 25. g4 Nfe7 26. Nh4 dxc5 27. Nxg6 Qxd5 28. Qxd5 Nxd5 29. bxc5 Ra5 30. Nxe5 Re7
31. Ng6 Re2 32. Bd3 Rd2 33. Bc4 Kg7 34. Rad1 Rxd1 35. Rxd1 Rxc5 36. Bxd5 Kxg6 37. Bxb7 Nd6 38. Bd5 Rc2 39. Kg2 Rc3 40. Be6 Rxa3
41. Bd7 Ra2 42. Rc1 Kf7 43. Rxc7 Kf6 44. Ra7
1-0

[Event "europa chess chempion players"]
[Site "SchemingMind.com"]
[Date "2010.12.30"]
[Round "-"]
[White "agarr"]
[Black "emvarela"]
[Result "0-1"]
[WhiteCountry "RUS"]
[BlackCountry "ARG"]
[WhiteElo "1812"]
[WhiteRD "80"]
[BlackElo "1799"]
[BlackRD "49"]
[GameID "271011"]

1. e4 e5 2. Nf3 Nc6 3. Bc4 Bc5 4. c3 Nf6 5. d4 exd4 6. cxd4 Bb4+ 7. Nc3 Nxe4 8. O-O Bxc3 9. bxc3 d5 10. Re1 Be6
11. Bb5 a6 12. Bd3 Nxc3 13. Qc2 Nb5 14. Bxh7 Nbxd4 15. Nxd4 Nxd4 16. Qa4+ Nc6 17. Bf5 Qf6 18. Bxe6 fxe6 19. Qg4 Kd7 20. Rb1 Rh4
21. Qg3 Rh5 22. Rxb7 e5 23. Bb2 Rf8 24. f3 Rg5 25. Qf2 Nd4 26. Bxd4 exd4 27. Qc2 Rc8 28. Qa4+ Kd6 29. Qxa6+ Kd7 30. Qxf6 gxf6
31. Rc1 Re5 32. Kf2 d3 33. Ra7 Re2+ 34. Kf1 Kd6 35. Rc3 c5 36. Rxd3 Rc2 37. Ra6+ Rc6 38. Ra8 d4 39. a4 Rb6 40. Rd1 Rbb2
41. a5 Rf2+ 42. Kg1 Rxg2+ 43. Kf1 Rxh2 44. Kg1 Rbg2+ 45. Kf1 Ra2 46. Kg1 Rhg2+ 47. Kh1 Rgf2 48. a6 Rxf3 49. a7 Rfa3
0-1

[Event "europa chess chempion players"]
[Site "SchemingMind.com"]
[Date "2010.12.25"]
[Round "-"]
[White "agarr"]
[Black "NAZRIZ1977"]
[Result "0-1"]
[WhiteCountry "RUS"]
[BlackCountry "WLS"]
[WhiteElo "1748"]
[WhiteRD "85"]
[BlackElo "1791"]
[BlackRD "73"]
[GameID "271012"]

1. e4 c6 2. d4 d5 3. e5 c5 4. c3 Nc6 5. Bb5 cxd4 6. cxd4 Qb6 7. Bxc6+ bxc6 8. Nf3 Ba6 9. Nc3 e6 10. Na4 Qb5
11. Nc3 Qa5 12. Qa4 Qb6 13. Bd2 Rb8 14. b3 Ne7 15. Be3 Nf5 16. Nd2 Be7 17. g3 O-O 18. b4 Qxb4 19. Qxb4 Rxb4 20. Nb3 Rfb8
21. Kd2 Bc4 22. Rhb1 h5 23. Na5 Rxb1 24. Nxb1 Bb4+ 25. Kc1 Bxa5
0-1

[Event "europa chess chempion players"]
[Site "SchemingMind.com"]
[Date "2010.12.25"]
[Round "-"]
[White "agarr"]
[Black "Thomas Laue"]
[Result "1-0"]
[WhiteCountry "RUS"]
[BlackCountry "GER"]
[WhiteElo "1823"]
[WhiteRD "81"]
[BlackElo "1611"]
[BlackRD "107"]
[GameID "271013"]

1. e4 e6 2. d4 d5 3. e5 c5 4. c3 Nc6 5. Nf3 Qb6 6. Bd3 Bd7 7. Qb3 Qxb3 8. axb3 cxd4 9. cxd4 f6 10. Be3 fxe5
11. Nxe5 Nf6 12. Nxd7 Kxd7 13. O-O Bd6 14. Nc3 a6 15. Na4 Ke7 16. Nc5 Rab8 17. b4 Ng4 18. Bg5+ Kf7 19. f4 h6 20. Bh4 Nxd4
21. Nd7 Rbc8 22. Ne5+ Bxe5 23. fxe5+ Ke8 24. Bg6+ Kd7 25. Rf7+ Kc6 26. Re1 Nf5 27. Bxf5 exf5 28. Rxf5 h5 29. h3 Nh6 30. Rxh5
1-0

[Event "europa chess chempion players"]
[Site "SchemingMind.com"]
[Date "2010.12.25"]
[Round "-"]
[White "agarr"]
[Black "DI DARIO"]
[Result "1-0"]
[WhiteCountry "RUS"]
[BlackCountry "INT"]
[WhiteElo "1748"]
[WhiteRD "85"]
[BlackElo "1642"]
[BlackRD "48"]
[GameID "271014"]

1. e4 d6 2. d4 e6 3. Nf3 c5 4. dxc5 Qa5+ 5. Nc3 Qxc5 6. Be3 Qc7 7. Bd3 Nf6 8. O-O g6 9. Qd2 Bg7 10. Nb5 Qd8
11. Nxa7 O-O 12. Nxc8 Qxc8 13. c3 Ng4 14. Bd4 Nc6 15. Bxg7 Kxg7 16. h3 Nh6 17. a3 Na5 18. Qc2 Rd8 19. e5 d5 20. h4 Nc6
21. h5 Nf5 22. g4 Nfe7 23. hxg6 hxg6 24. Kg2 Rh8 25. Rh1 Qc7 26. Qe2 Ra4 27. b4 Raa8 28. Rxh8 Rxh8 29. Rh1 Rxh1 30. Kxh1 Na7
31. Nd2 Qxc3 32. Nb1 Qc1+ 33. Kg2 Nac6 34. Qf3 Qg5 35. Qg3 Nxe5 36. f4 Qh6 37. fxe5 Qc1 38. Qf2 Qg5 39. Qf3 Nc6 40. Qf6+ Qxf6
41. exf6+ Kxf6 42. Nc3 Ne5 43. Be2 d4 44. Ne4+ Ke7 45. g5 Kd7 46. Nc5+ Kc6 47. Bf3+ Nxf3 48. Kxf3 b6 49. Nb3 Kd5 50. Nd2 e5
51. a4 Kc6 52. Ke4 Kd6 53. Nc4+ Ke6 54. Nxb6 f5+ 55. gxf6 g5 56. f7 Kxf7 57. Kxe5 Kg6 58. Kxd4 g4 59. Nd5 Kg5 60. Ne3 g3
61. a5
1-0

[Event "europa chess chempion players"]
[Site "SchemingMind.com"]
[Date "2010.12.26"]
[Round "-"]
[White "Mitchell-in"]
[Black "agarr"]
[Result "1/2-1/2"]
[WhiteCountry "ENG"]
[BlackCountry "RUS"]
[WhiteElo "1868"]
[WhiteRD "69"]
[BlackElo "1823"]
[BlackRD "81"]
[GameID "271015"]

1. f4 d5 2. Nf3 Bf5 3. d3 Nf6 4. g3 e6 5. Bg2 Bc5 6. c3 O-O 7. b4 Bd6 8. O-O c5 9. a3 Nbd7 10. Nbd2 b6
11. Qe1 Ng4 12. e4 dxe4 13. dxe4 Bg6 14. h3 Nh6 15. Bb2 cxb4 16. cxb4 f5 17. e5 Be7 18. Rd1 Rc8 19. Nd4 Bf7 20. Nc6 Qe8
21. Nc4 Nb8 22. Nxe7+ Qxe7 23. Nd6 Rc2 24. Ba1 Bh5 25. Rd2 Rxd2 26. Qxd2 Rd8 27. Qc2 Nf7 28. Nxf7 Qxf7 29. Bf3 Bxf3 30. Rxf3 Qd7
31. Rf1 Rc8 32. Qd1 Qc6 33. Qb3 Kf7 34. Bb2 Qc2 35. Qxc2 Rxc2 36. Rf2 Rxf2= 37. Kxf2 Na6 38. Ke3 Nc7 39. Bc1 Nd5+ 40. Kd4 Ke7
41. Bd2 Kd7 42. Kc4 a6 43. a4 h5 44. b5 axb5+ 45. Kxb5 Kc7 46. Kc4=
1/2-1/2

[Event "europa chess chempion players"]
[Site "SchemingMind.com"]
[Date "2010.12.30"]
[Round "-"]
[White "emvarela"]
[Black "agarr"]
[Result "0-1"]
[WhiteCountry "ARG"]
[BlackCountry "RUS"]
[WhiteElo "1800"]
[WhiteRD "49"]
[BlackElo "1823"]
[BlackRD "81"]
[GameID "271016"]

1. e4 e5 2. Nf3 Nc6 3. d4 exd4 4. c3 Nf6 5. e5 Ne4 6. Qe2 Nc5 7. Nxd4 Ne6 8. Nxc6 dxc6 9. Nd2 g6 10. Ne4 Bg7
11. Bg5 Nxg5 12. Rd1 Qe7 13. f4 Nxe4 14. Qxe4 O-O 15. Bd3 Bf5 16. Qe3 Bxd3 17. Rxd3 Rfd8 18. Rxd8+ Qxd8 19. Ke2 b6 20. Rd1 Qe7
21. Qd4 f6 22. Qc4+ Kh8 23. Qxc6 Rd8 24. Rxd8+ Qxd8 25. e6 f5 26. b4 h5 27. Qd7 Qxd7 28. exd7 Bf6 29. Kd3 Kg8 30. c4 Kf7
31. c5 bxc5 32. bxc5 Ke6
0-1

[Event "europa chess chempion players"]
[Site "SchemingMind.com"]
[Date "2010.12.25"]
[Round "-"]
[White "NAZRIZ1977"]
[Black "agarr"]
[Result "1/2-1/2"]
[WhiteCountry "WLS"]
[BlackCountry "RUS"]
[WhiteElo "1791"]
[WhiteRD "73"]
[BlackElo "1748"]
[BlackRD "85"]
[GameID "271017"]

1. c4 e5 2. g3 c6 3. d4 exd4 4. Qxd4 d5 5. cxd5 Qxd5 6. Qxd5 cxd5 7. Bg2 Nf6 8. Nf3 Bb4+ 9. Bd2 Bxd2+ 10. Nbxd2 O-O
11. O-O Nc6 12. Nb3 Bf5 13. Rac1 Rfe8 14. e3 Nb4 15. Rc7 b6 16. a3 Nd3 17. Nbd4 Bg6 18. b4 Rec8 19. Rxc8+ Rxc8 20. Ra1 Ne4
21. Nh4 Ndxf2 22. Nxg6 hxg6 23. Rf1 Ng4 24. Re1 Rc3 25. Nb5 Rb3 26. Nxa7 Rxa3 27. Nc8 Nxe3=
1/2-1/2

[Event "europa chess chempion players"]
[Site "SchemingMind.com"]
[Date "2010.12.25"]
[Round "-"]
[White "Thomas Laue"]
[Black "agarr"]
[Result "0-1"]
[WhiteCountry "GER"]
[BlackCountry "RUS"]
[WhiteElo "1611"]
[WhiteRD "107"]
[BlackElo "1823"]
[BlackRD "81"]
[GameID "271018"]

1. e4 e5 2. Nf3 Nc6 3. d4 exd4 4. Bc4 h6 5. O-O Bc5 6. c3 dxc3 7. Bxf7+ Kxf7 8. Qd5+ Kf8 9. Qxc5+ d6 10. Qxc3 Qf6
11. Qc2 Bg4 12. Nbd2 Nge7 13. Rb1 b6 14. b3 Kg8 15. Bb2 Qg6 16. Qc3 Kh7 17. Nh4 Qg5 18. Ndf3 Bxf3 19. Nxf3 Qg6 20. Nh4 Qg5
21. f4 Qc5+ 22. Qxc5 dxc5 23. Rbd1 Rad8 24. g3 Rxd1 25. Rxd1 Rd8 26. Rxd8 Nxd8 27. Kf2 Ndc6 28. Nf3 Nb4 29. Be5 Nd3+ 30. Ke3 Nc1
31. Bxc7 Nxa2
0-1

[Event "europa chess chempion players"]
[Site "SchemingMind.com"]
[Date "2010.12.25"]
[Round "-"]
[White "DI DARIO"]
[Black "agarr"]
[Result "0-1"]
[WhiteCountry "INT"]
[BlackCountry "RUS"]
[WhiteElo "1670"]
[WhiteRD "58"]
[BlackElo "1735"]
[BlackRD "91"]
[GameID "271019"]

1. c4 e5 2. e4 Bc5 3. Nf3 d6 4. d4 exd4 5. Nxd4 Bxd4 6. Qxd4 Qf6 7. Be3 Nc6 8. Qxf6 Nxf6 9. f3 O-O 10. a3 Be6
11. Nc3 Ne5 12. b3 a6 13. Bg5 Kh8 14. h3 Nh5 15. O-O-O b5 16. cxb5 Bxb3 17. Rd4 axb5 18. Bxb5 Rxa3 19. Kd2 Rfa8 20. Rb1 h6
21. Bh4 Nf4 22. Bf1 Ne6 23. Rb4 Nc5 24. Bf2 Ba2 25. R1b2 Be6 26. f4 Nc6 27. Bxc5 dxc5 28. Rb7 Rd8+ 29. Bd3 c4 30. Rc2 Rxd3+
31. Ke2 Nd4+
0-1

[Event "europa chess chempion players"]
[Site "SchemingMind.com"]
[Date "2010.12.25"]
[Round "-"]
[White "andu"]
[Black "agarr"]
[Result "1-0"]
[WhiteCountry "AUT"]
[BlackCountry "RUS"]
[WhiteElo "2063"]
[WhiteRD "78"]
[BlackElo "1748"]
[BlackRD "85"]
[GameID "271020"]

1. e4 e5 2. f4 d6 3. Bc4 g6 4. Nf3 Bg4 5. O-O exf4 6. d4 Bg7 7. Bxf4 Nd7 8. Nc3 Ngf6 9. e5 dxe5 10. dxe5 Nh5
11. Bxf7+ Kxf7 12. Ng5+ Kg8 13. Qxg4 Qe7 14. Rad1 Nxe5 15. Bxe5 Bxe5 16. Qc4+ Kg7 17. Rf7+ Qxf7 18. Nxf7
1-0